Decisive moments in the history of Islam / (Record no. 193649)
[ view plain ]
| 000 -LEADER | |
|---|---|
| fixed length control field | 00864 a2200169 4500 |
| 003 - CONTROL NUMBER IDENTIFIER | |
| control field | NUST |
| 005 - DATE AND TIME OF LATEST TRANSACTION | |
| control field | 20221207153944.0 |
| 040 ## - CATALOGING SOURCE | |
| Transcribing agency | Nust |
| 082 ## - DEWEY DECIMAL CLASSIFICATION NUMBER | |
| Classification number | 297,ENA |
| 100 ## - MAIN ENTRY--PERSONAL NAME | |
| Personal name | Enan, Muhammad Abdullah |
| 9 (RLIN) | 37272 |
| 245 ## - TITLE STATEMENT | |
| Title | Decisive moments in the history of Islam / |
| Statement of responsibility, etc. | M.A.Enan |
| 260 ## - PUBLICATION, DISTRIBUTION, ETC. | |
| Place of publication, distribution, etc. | Lahore |
| Name of publisher, distributor, etc. | Army education press |
| Date of publication, distribution, etc. | 1984 |
| 300 ## - PHYSICAL DESCRIPTION | |
| Extent | viii: 388 p.: |
| 505 ## - FORMATTED CONTENTS NOTE | |
| Formatted contents note | The Arab Outburst (Page-3), Religious Policy Of The Arabs (Page-15), Arab Siege Of Constantinople (Page-31), The Pavement Of The Martyrs (Page-46), The Muslim Invasion Of Rome (Page-95), The Battle Of Manzikert (Page-101), The Idea Of The Crusades (Page-113), The Battle Of Hattin (Page-134), The Battle Of Ainjalut (Page-161), Diplomacy In Islam (Page-227), Decisive Movements (Page-267), Marco Polo (Page-343), Inb Battutha (Page-356). |
| 600 ## - SUBJECT ADDED ENTRY--PERSONAL NAME | |
| Personal name | Islam |
| 9 (RLIN) | 104352 |
| 942 ## - ADDED ENTRY ELEMENTS (KOHA) | |
| Source of classification or shelving scheme | |
| Koha item type | Book |
| Call number prefix | 297,ENA |
| Withdrawn status | Lost status | Source of classification or shelving scheme | Damaged status | Not for loan | Permanent Location | Current Location | Shelving location | Date acquired | Full call number | Barcode | Date last seen | Price effective from | Koha item type | Public note |
|---|---|---|---|---|---|---|---|---|---|---|---|---|---|---|
| Military College of Signals (MCS) | Military College of Signals (MCS) | General Stacks | 12/12/2016 | 297,ENA | MCS21871 | 12/08/2016 | 12/12/2016 | Book | Almirah No.47, Shelf No.1 |
